Przystanki SKM Trójmiasto - Statystyki

Ogólne statystyki
  • Ten quiz został rozwiązany 55 razy
  • Średni wynik to 23 z 33
Statystyki odpowiedzi
Stacja % Poprawnych
Gdańsk {Główny}
93%
Gdańsk {Wrzeszcz}
93%
Gdańsk {Żabianka-AWFiS}
91%
Gdynia {Chylonia}
91%
Gdynia {Orłowo}
91%
Sopot {Wyścigi}
91%
Gdańsk {Oliwa}
88%
Gdynia {Główna}
88%
Gdynia {Stocznia-Uniwersytet Morski}
88%
Sopot
88%
Gdańsk {Stocznia}
86%
Gdynia {Redłowo}
86%
Sopot {Kamienny Potok}
86%
Gdynia {Wzgórze św. Maksymiliana}
84%
Gdańsk {Politechnika}
81%
Gdańsk {Przymorze-Uniwersytet}
81%
Gdynia {Grabówek}
77%
Reda
77%
Rumia
77%
Gdynia {Cisowa}
74%
Gdańsk {Zaspa}
72%
Gdynia {Leszczynki}
67%
Wejherowo
67%
Rumia {Janowo}
65%
Wejherowo {Śmiechowo}
60%
Wejherowo {Nanice}
56%
Reda {Pieleszewo}
51%
Lębork {Mosty}
47%
Luzino
40%
Bożepole Wielkie
33%
Gościcino Wejherowskie
26%
Strzebielino Morskie
26%
Godętowo
23%
Nie znaleziono quizów pasujących do podanych kryteriów
Rozkład punktacji
Procent ludzi z każdym wynikiem
Percentyl według liczby udzielonych odpowiedzi
Twoja historia wyników
Nie rozwiązałeś tego quizu